Sols RNG - Rainy Auras - Statistics

General Stats
  • This quiz has been taken 7 times
  • The average score is 7 of 11
Answer Stats
Answer % Correct
Abyssal Hunter
100%
Leviathan
100%
Sailor
100%
Sailor : Flying Dutchman
100%
Poseidon
83%
Sailor: Admiral
83%
Aquaria
50%
Sharkyn
33%
Evanescent
17%
Lumenpool
17%
Ramenpool
0%
No matching quizzes found
Score Distribution
Percent of People with Each Score
Percentile by Number Answered
Your Score History
You have not taken this quiz